| 000 | 00883cam a2200253 i 4500 | ||
|---|---|---|---|
| 005 | 20160123170720.0 | ||
| 008 | 990802m19999999ck ab b 001 0 spa | ||
| 020 | _a9589205356 (v. 1) | ||
| 040 |
_aDLC _cDLC _dDLC _dCO-BoIAVH |
||
| 041 | _aspa | ||
| 042 | _apcc | ||
| 043 | _as-ck--- | ||
| 044 | _ack | ||
| 082 | 0 | 4 |
_a583.99 _bD27a |
| 100 | 1 | _aDíaz Piedrahita, Santiago | |
| 245 | 1 | 0 |
_aAsteráceas de la flora de Colombia : _bSenecioneae / _cSantiago Díaz-Piedrahita, José Cuatrecasas. |
| 260 |
_aBogotá : _bAcademia colombiana de ciencias exactas, fíisicas y naturales, _c1999. |
||
| 300 |
_a389 páginas : _bilustraciones y mapas ; _c23 cm. |
||
| 490 | 0 | 0 |
_aColección Jorge Álvarez Lleras ; _v12 |
| 505 | 1 | _aGéneros Dendrophorbium y Pentacalia. | |
| 650 | 1 | 4 |
_aCompositae _zColombia. |
| 700 | 1 |
_aCuatrecasas, José, _eautor. |
|
| 942 |
_2ddc _cLIBRO |
||
| 999 |
_c1364 _d1364 |
||